Nocheinmal: ‘Von Gott gezeugt’

Saved in:  
Bibliographic Details
Authors: Michel, Otto 1903-1993 (Author) ; Betz, Otto 1917-2005 (Author)
Format: Electronic Article
Language:German
Check availability: HBZ Gateway
Interlibrary Loan:Interlibrary Loan for the Fachinformationsdienste (Specialized Information Services in Germany)
Published: 1963
In: New Testament studies
Year: 1963, Volume: 9, Issue: 2, Pages: 129-130
Online Access: Volltext (lizenzpflichtig)
Volltext (lizenzpflichtig)
Parallel Edition:Non-electronic

MARC

LEADER 00000naa a22000002c 4500
001 1779632959
003 DE-627
005 20211126164838.0
007 cr uuu---uuuuu
008 211126s1963 xx |||||o 00| ||ger c
024 7 |a 10.1017/S0028688500001478  |2 doi 
035 |a (DE-627)1779632959 
035 |a (DE-599)KXP1779632959 
040 |a DE-627  |b ger  |c DE-627  |e rda 
041 |a ger 
084 |a 1  |2 ssgn 
100 1 |e VerfasserIn  |0 (DE-588)118733702  |0 (DE-627)07951474X  |0 (DE-576)162231199  |4 aut  |a Michel, Otto  |d 1903-1993 
109 |a Michel, Otto 1903-1993  |a Michel, O. 1903-1993 
245 1 0 |a Nocheinmal: ‘Von Gott gezeugt’ 
264 1 |c 1963 
336 |a Text  |b txt  |2 rdacontent 
337 |a Computermedien  |b c  |2 rdamedia 
338 |a Online-Ressource  |b cr  |2 rdacarrier 
700 1 |e VerfasserIn  |0 (DE-588)132867400  |0 (DE-627)527877344  |0 (DE-576)29946881X  |4 aut  |a Betz, Otto  |d 1917-2005 
773 0 8 |i Enthalten in  |t New Testament studies  |d Cambridge [u.a.] : Cambridge Univ. Press, 1954  |g 9(1963), 2, Seite 129-130  |h Online-Ressource  |w (DE-627)300895283  |w (DE-600)1483312-8  |w (DE-576)079165583  |x 1469-8145  |7 nnas 
773 1 8 |g volume:9  |g year:1963  |g number:2  |g pages:129-130 
776 |i Erscheint auch als  |n Druckausgabe  |w (DE-627)1640585311  |k Non-Electronic 
856 4 0 |u https://doi.org/10.1017/S0028688500001478  |x Resolving-System  |z lizenzpflichtig  |3 Volltext  |7 1 
856 4 0 |u https://www.cambridge.org/core/journals/new-testament-studies/article/nocheinmal-von-gott-gezeugt/E462954B446B26FCB7F000B3B2581BC3  |x Verlag  |z lizenzpflichtig  |3 Volltext  |7 1 
935 |a BIIN  |a mteo 
951 |a AR 
BIB |a 1 
ELC |a 1 
ITA |a 1  |t 1 
LOK |0 000 xxxxxcx a22 zn 4500 
LOK |0 001 4008394451 
LOK |0 003 DE-627 
LOK |0 004 1779632959 
LOK |0 005 20211126162955 
LOK |0 008 211126||||||||||||||||ger||||||| 
LOK |0 040   |a DE-Tue135-1  |c DE-627  |d DE-Tue135-1 
LOK |0 852   |a DE-Tue135-1 
LOK |0 852 1  |m p  |9 00 
LOK |0 852 2  |b www  |9 00 
LOK |0 85640  |u https://bibsearch.uibk.ac.at/permalink/f/1po5meu/UIB_alma51226981960003333 
LOK |0 935   |a inzs  |a inzo 
LOK |0 938   |k p 
LOK |0 939   |a 26-11-21  |b l01 
LOK |0 000 xxxxxcx a22 zn 4500 
LOK |0 001 4033788131 
LOK |0 003 DE-627 
LOK |0 004 1779632959 
LOK |0 005 20220112044259 
LOK |0 008 220112||||||||||||||||ger||||||| 
LOK |0 035   |a (DE-Tue135)IxTheo#2022-01-05#E790D9C5068EA848009E13ADF415B7F182030FD6 
LOK |0 040   |a DE-Tue135  |c DE-627  |d DE-Tue135 
LOK |0 092   |o n 
LOK |0 852   |a DE-Tue135 
LOK |0 852 1  |9 00 
LOK |0 935   |a ixzs  |a ixrk  |a zota 
LOK |0 939   |a 12-01-22  |b l01 
ORI |a SA-MARC-ixtheoa001.raw 
SUB |a BIB